| 000 | 00694nam a2200193Ia 4500 | ||
|---|---|---|---|
| 999 |
_c41667 _d41667 |
||
| 003 | GCL | ||
| 005 | 20240530103702.0 | ||
| 008 | 140319s1995 ua b b 000 0 ara d | ||
| 040 |
_aGCL / _cGCL |
||
| 082 | 0 | 4 |
_a915.3/ _bى ج |
| 100 | 0 | _aيسرى الجوهرى | |
| 245 | 1 | 0 |
_aجغرافيا العالم الاسلامى / _cتاليف يسرى الجوهرى |
| 260 |
_aالاسكندرية : _bمركز الاسكندرية للكتاب، _c1995. |
||
| 300 |
_a623 ص. : _bخرائط ؛ _c24 سم. |
||
| 650 | 0 | 7 |
_2qrmak _aالجغرافيا |
| 650 | 0 | 7 |
_2qrmak _aالجغرافيا الاقتصادية |
| 650 | 0 | 4 |
_2qrmak _aالعالم الاسلامى _vجغرافيا |
| 942 |
_2ddc _cBK |
||